| 000 | 01329nac a22003251u 4500 | ||
|---|---|---|---|
| 010 | _a 99017320 | ||
| 020 | _a0312219431 (cloth) | ||
| 035 | _a(DLC) 99017320 | ||
| 082 | 0 | 0 |
_a362.88082096 _bGRE. |
| 090 |
_c5386 _d5386 |
||
| 100 | _aGreen, December. | ||
| 245 | 1 | 0 |
_aGender violence in Africa : _bAfrican women's responses / _cDecember Green. |
| 250 | _a1st ed. | ||
| 260 |
_aNew York : _bSt. Martin's Press,c.1999. _cc.1999. |
||
| 300 |
_a298 p. ; _c22 cm. |
||
| 500 | _aDistributer : Al Ahram. | ||
| 504 | _aIncludes bibliographical references (p. [255]-291) and index. | ||
| 511 | _aCatalogued By : Mahitab. | ||
| 650 | 0 |
_aWomen _xCrimes against _zAfrica. |
|
| 650 | 0 |
_aViolence _zAfrica. |
|
| 650 | 0 |
_aAbused women _zAfrica. |
|
| 650 | 0 |
_aRape _zAfrica. |
|
| 650 | 0 |
_aFamily violence _zAfrica. |
|
| 650 | 0 |
_aWomen _zAfrica _xSocial conditions. |
|
| 856 | 4 | 2 |
_3Contributor biographical information _uhttp://www.loc.gov/catdir/bios/hol057/99017320.html |
| 856 | 4 | 2 |
_3Publisher description _uhttp://www.loc.gov/catdir/description/hol056/99017320.html |
| 856 | 4 | 2 |
_3Table of contents _uhttp://www.loc.gov/catdir/toc/hol053/99017320.html |
| 942 |
_cBB _k362.88082096GRE. |
||
| 999 |
_c5386 _d5386 |
||